000 00388cam a22001217a 4500
008 180718b1968 xxu||||| |||| 00| 0 eng d
082 _aA81x54 In2/61/3/Pt6/17
100 _aCensus of India 1961
245 _aAssam: village survey monographs, Durtlang
260 _aDelhi
_bThe Manager of Publications
_c1968
300 _a48+p.
440 _aCensus of India 1961. Volume III, Assam. Part VI
999 _c483903
_d483903